<?xml version="1.0" encoding="UTF-8"?>
<record
    xmlns:xsi="http://www.w3.org/2001/XMLSchema-instance"
    xsi:schemaLocation="http://www.loc.gov/MARC21/slim http://www.loc.gov/standards/marcxml/schema/MARC21slim.xsd"
    xmlns="http://www.loc.gov/MARC21/slim">

  <leader>00558nam a22001937a 4500</leader>
  <controlfield tag="005">20260209142609.0</controlfield>
  <controlfield tag="008">260209b        |||||||| |||| 00| 0 eng d</controlfield>
  <datafield tag="020" ind1=" " ind2=" ">
    <subfield code="a">9789365891034</subfield>
  </datafield>
  <datafield tag="041" ind1=" " ind2=" ">
    <subfield code="a">eng</subfield>
  </datafield>
  <datafield tag="082" ind1=" " ind2=" ">
    <subfield code="2">New Delhi</subfield>
    <subfield code="a">BPB Pub.</subfield>
    <subfield code="b">KAN B22757</subfield>
  </datafield>
  <datafield tag="100" ind1=" " ind2=" ">
    <subfield code="a">Kanetkar Y.</subfield>
  </datafield>
  <datafield tag="245" ind1=" " ind2=" ">
    <subfield code="a">Let Us Python: </subfield>
    <subfield code="b">Python Is Future, Embrace It Fast Learn Python Quickly Through This Programmer-Friendly Guide</subfield>
    <subfield code="c">7th Ed.</subfield>
  </datafield>
  <datafield tag="250" ind1=" " ind2=" ">
    <subfield code="a">7th Ed.</subfield>
  </datafield>
  <datafield tag="260" ind1=" " ind2=" ">
    <subfield code="a">New Delhi</subfield>
    <subfield code="b">BPB Pub.</subfield>
    <subfield code="c">2025</subfield>
  </datafield>
  <datafield tag="300" ind1=" " ind2=" ">
    <subfield code="a">548p</subfield>
  </datafield>
  <datafield tag="500" ind1=" " ind2=" ">
    <subfield code="a">Python</subfield>
  </datafield>
  <datafield tag="700" ind1=" " ind2=" ">
    <subfield code="a">Kanetkar A.</subfield>
  </datafield>
  <datafield tag="942" ind1=" " ind2=" ">
    <subfield code="c">BK</subfield>
  </datafield>
  <datafield tag="999" ind1=" " ind2=" ">
    <subfield code="c">370387</subfield>
    <subfield code="d">370387</subfield>
  </datafield>
  <datafield tag="952" ind1=" " ind2=" ">
    <subfield code="0">0</subfield>
    <subfield code="1">0</subfield>
    <subfield code="2">ddc</subfield>
    <subfield code="4">0</subfield>
    <subfield code="7">0</subfield>
    <subfield code="a">HIMR</subfield>
    <subfield code="b">HIMR</subfield>
    <subfield code="d">2026-01-28</subfield>
    <subfield code="e">The Forward Books</subfield>
    <subfield code="g">450.00</subfield>
    <subfield code="i">25293</subfield>
    <subfield code="l">0</subfield>
    <subfield code="o">004.1 KAN B22757</subfield>
    <subfield code="p">HIMR-BK-22757</subfield>
    <subfield code="r">2026-02-09 14:27:00</subfield>
    <subfield code="v">328.50</subfield>
    <subfield code="w">2026-01-23</subfield>
    <subfield code="y">BK</subfield>
    <subfield code="z">B22757</subfield>
  </datafield>
  <datafield tag="952" ind1=" " ind2=" ">
    <subfield code="0">0</subfield>
    <subfield code="1">0</subfield>
    <subfield code="2">ddc</subfield>
    <subfield code="4">0</subfield>
    <subfield code="7">0</subfield>
    <subfield code="a">HIMR</subfield>
    <subfield code="b">HIMR</subfield>
    <subfield code="d">2026-01-28</subfield>
    <subfield code="e">The Forward Books</subfield>
    <subfield code="g">450.00</subfield>
    <subfield code="i">25293</subfield>
    <subfield code="l">0</subfield>
    <subfield code="o">004.1 KAN B22758</subfield>
    <subfield code="p">HIMR-BK-22758</subfield>
    <subfield code="r">2026-02-09 15:35:51</subfield>
    <subfield code="v">328.50</subfield>
    <subfield code="w">2026-01-23</subfield>
    <subfield code="y">BK</subfield>
    <subfield code="z">B22758</subfield>
  </datafield>
  <datafield tag="952" ind1=" " ind2=" ">
    <subfield code="0">0</subfield>
    <subfield code="1">0</subfield>
    <subfield code="2">ddc</subfield>
    <subfield code="4">0</subfield>
    <subfield code="7">0</subfield>
    <subfield code="a">HIMR</subfield>
    <subfield code="b">HIMR</subfield>
    <subfield code="d">2026-01-28</subfield>
    <subfield code="e">The Forward Books</subfield>
    <subfield code="g">450.00</subfield>
    <subfield code="i">25293</subfield>
    <subfield code="l">0</subfield>
    <subfield code="o">004.1 KAN B22759</subfield>
    <subfield code="p">HIMR-BK-22759</subfield>
    <subfield code="r">2026-02-09 15:35:00</subfield>
    <subfield code="v">328.50</subfield>
    <subfield code="w">2026-01-23</subfield>
    <subfield code="y">BK</subfield>
    <subfield code="z">B22759</subfield>
  </datafield>
  <datafield tag="952" ind1=" " ind2=" ">
    <subfield code="0">0</subfield>
    <subfield code="1">0</subfield>
    <subfield code="2">ddc</subfield>
    <subfield code="4">0</subfield>
    <subfield code="7">0</subfield>
    <subfield code="a">HIMR</subfield>
    <subfield code="b">HIMR</subfield>
    <subfield code="d">2026-01-28</subfield>
    <subfield code="e">The Forward Books</subfield>
    <subfield code="g">450.00</subfield>
    <subfield code="i">25293</subfield>
    <subfield code="l">0</subfield>
    <subfield code="o">004.1 KAN B22760</subfield>
    <subfield code="p">HIMR-BK-22760</subfield>
    <subfield code="r">2026-02-09 15:35:00</subfield>
    <subfield code="v">328.50</subfield>
    <subfield code="w">2026-01-23</subfield>
    <subfield code="y">BK</subfield>
    <subfield code="z">B22760</subfield>
  </datafield>
  <datafield tag="952" ind1=" " ind2=" ">
    <subfield code="0">0</subfield>
    <subfield code="1">0</subfield>
    <subfield code="2">ddc</subfield>
    <subfield code="4">0</subfield>
    <subfield code="7">0</subfield>
    <subfield code="a">HIMR</subfield>
    <subfield code="b">HIMR</subfield>
    <subfield code="d">2026-01-28</subfield>
    <subfield code="e">The Forward Books</subfield>
    <subfield code="g">450.00</subfield>
    <subfield code="i">25293</subfield>
    <subfield code="l">0</subfield>
    <subfield code="o">004.1 KAN B22761</subfield>
    <subfield code="p">HIMR-BK-22761</subfield>
    <subfield code="r">2026-02-09 15:35:00</subfield>
    <subfield code="v">328.50</subfield>
    <subfield code="w">2026-01-23</subfield>
    <subfield code="y">BK</subfield>
    <subfield code="z">B22761</subfield>
  </datafield>
</record>
